LEADER 00964nam0-2200313---450- 001 990009107960403321 005 20091022131417.0 035 $a000910796 035 $aFED01000910796 035 $a(Aleph)000910796FED01 035 $a000910796 100 $a20091022d1987----km-y0itay50------ba 101 0 $aita 102 $aIT 105 $ay-------001yy 200 1 $a<>alternativa di "Giustizia e Libertą"$eeconomia e politica nei progetti del gruppo di Carlo Rosselli$fFranco Invernici$gpresentazione di Arturo Colombo 210 $aMilano$cAngeli$d1987 215 $a196 p.$d22 cm 225 1 $aStudi e ricerche storiche$v96 610 0 $aRosselli, Carlo 676 $a335.5092 700 1$aInvernici,$bFranco$0506217 801 0$aIT$bUNINA$gRICA$2UNIMARC 901 $aBK 912 $a990009107960403321 952 $aCollez. 698 (96)$b44488$fFSPBC 959 $aFSPBC 996 $aAlternativa di "Giustizia e Libertą"$9782208 997 $aUNINA LEADER 06589nam 2200649 a 450 001 9910792449803321 005 20221208001046.0 010 $a1-282-60142-3 010 $a9786612601422 010 $a90-474-2179-5 024 7 $a10.1163/ej.9789004163652.1-556 035 $a(CKB)2670000000010794 035 $a(EBL)489301 035 $a(OCoLC)593316567 035 $a(SSID)ssj0000334831 035 $a(PQKBManifestationID)11929214 035 $a(PQKBTitleCode)TC0000334831 035 $a(PQKBWorkID)10270634 035 $a(PQKB)11280248 035 $a(OCoLC)192044968$z(OCoLC)173808132 035 $a(nllekb)BRILL9789047421795 035 $a(Au-PeEL)EBL489301 035 $a(CaPaEBR)ebr10372719 035 $a(MiAaPQ)EBC489301 035 $a(PPN)170412431 035 $a(EXLCZ)992670000000010794 100 $a20071220d2007 uy 0 101 0 $aeng 135 $aur|n|---||||| 181 $ctxt 182 $cc 183 $acr 200 10$aArchives of the Dutch East India Company (VOC) and the local institutions in Batavia (Jakarta)$b[electronic resource] $eArsip-arsip Verenigde Oostindische Compagnie (VOC) dan lembaga-lembaga pemerintahan kota Batavia (Jakarta) = De archieven van de Verenigde Oostindische Compagnie (VOC) en de locale instellingen te Batavia (Jakarta) /$fG.L. Balk, F. van Dijk, D.J. Kortland ; with contributions by F.S. Gaastra, Hendrik E. Niemeijer, P. Koenders 210 $aLeiden ;$aBoston $cBrill$d2007 215 $a1 online resource (572 p.) 225 0 $aBrill eBook titles 2007 300 $a"Arsip Nasional Republik Indonesia." 300 $a"This is a result of an intensive cooperation between the Arsip Nasional Republik Indonesia and the Nationaal Archief [Netherlands] which started in the 2001" -- Pref. 311 $a90-04-16365-4 320 $aIncludes bibliographical references. 327 $tPreliminary Materials /$rG.L. Balk , F. Van Dijk , J. Kortlang , F.S. Gaastra , H.E. Niemeijer and P. Koenders --$tThe Organization Of The VOC /$rF.S. Gaastra --$tThe Central Administration Of The VOC Government And The Local Institutions Of Batavia (1619-1811) ? An Introduction /$rHendrik E. Niemeijer --$tHistory Of The Archives /$rG.L. Balk , F. Van Dijk and D.J. Kortlang --$tTANAP And The Co-Operation Between ANRI And Nationaal Archief /$rPieter Koenders --$tLiterature About The VOC /$rG.L. Balk , F. Van Dijk , J. Kortlang , F.S. Gaastra , H.E. Niemeijer and P. Koenders --$tAppendices /$rG.L. Balk , F. Van Dijk , J. Kortlang , F.S. Gaastra , H.E. Niemeijer and P. Koenders --$tArchief Van De Gouverneur-Generaal En Raden Van Indiė (Hoge Regering) Van De Verenigde Oostindische Compagnie En Taakopvolgers, 1612-1812 /$rG.L. Balk , F. Van Dijk , J. Kortlang , F.S. Gaastra , H.E. Niemeijer and P. Koenders --$tArchief Van De Commissarissen-Generaal S.C. Nederburgh, S.H. Frijkenius C.S. Van De Verenigde Oostindische Compagnie En Taakopvolgers. (Hoge Commissie) 1791-1799 /$rG.L. Balk , F. Van Dijk , J. Kortlang , F.S. Gaastra , H.E. Niemeijer and P. Koenders --$tArchief Van De Algemene Rekenkamer, 1808-1811 /$rG.L. Balk , F. Van Dijk , J. Kortlang , F.S. Gaastra , H.E. Niemeijer and P. Koenders --$tArchief Van De Raad Van Justitie, 1620-1809 /$rG.L. Balk , F. Van Dijk , J. Kortlang , F.S. Gaastra , H.E. Niemeijer and P. Koenders --$tArchief Van De Schepenbank Van Batavia /$rG.L. Balk , F. Van Dijk , J. Kortlang , F.S. Gaastra , H.E. Niemeijer and P. Koenders --$tArchief Van Het College Van Heemraden Te Batavia, (1664) 1682-1807 (1809 /$rG.L. Balk , F. Van Dijk , J. Kortlang , F.S. Gaastra , H.E. Niemeijer and P. Koenders --$tArchief Van De Weeskamer Van Batavia /$rG.L. Balk , F. Van Dijk , J. Kortlang , F.S. Gaastra , H.E. Niemeijer and P. Koenders --$tArchief Van De Boedelkamer Van Chinese En Onchristen Sterfhuizen, 1720-1872 /$rG.L. Balk , F. Van Dijk , J. Kortlang , F.S. Gaastra , H.E. Niemeijer and P. Koenders --$tArchief Van De Bank Van Lening Bank-Courant Te Batavia, 1746-1814 /$rG.L. Balk , F. Van Dijk , J. Kortlang , F.S. Gaastra , H.E. Niemeijer and P. Koenders --$tStukken Afkomstig Van Het Vendukantoor Te Batavia, 1737-1776 /$rG.L. Balk , F. Van Dijk , J. Kortlang , F.S. Gaastra , H.E. Niemeijer and P. Koenders --$tArchief Van De Amphioensociėteit En Amphioendirectie Te Batavia, 1745-1880 /$rG.L. Balk , F. Van Dijk , J. Kortlang , F.S. Gaastra , H.E. Niemeijer and P. Koenders --$tInventaris Van Het Notarieel Archief Van Batavia, 1621-1817 En Notariėle Archieven Afkomstig Van Diverse Buitencomptoiren, Voornamelijk Surabaja (1811-1828) /$rG.L. Balk , F. Van Dijk , J. Kortlang , F.S. Gaastra , H.E. Niemeijer and P. Koenders --$tArchief Van De Protestantse Gemeenten In Batavia En Van Enige Andere Protestantse Kerken Buiten Batavia /$rG.L. Balk , F. Van Dijk , J. Kortlang , F.S. Gaastra , H.E. Niemeijer and P. Koenders --$tDoop- Trouw- En Begraafboeken Of Retroacta Burgerlijke Stand (1616-1829) /$rG.L. Balk , F. Van Dijk , J. Kortlang , F.S. Gaastra , H.E. Niemeijer and P. Koenders --$tArchief Van Engelhard, 1750-1832 /$rG.L. Balk , F. Van Dijk , J. Kortlang , F.S. Gaastra , H.E. Niemeijer and P. Koenders. 330 $aThe VOC (Verenigde Oostindische Compagnie, the Dutch East India Company) was the largest of the early modern European trading companies operating in Asia. Its operations produced not only warehouses packed with spices, coffee, tea, textiles, porcelain and silk, but also shiploads of documents. Data on political, economic, cultural, religious, and social conditions spread over an enormous area circulated between the VOC establishments, the administrative centre of the trade in Batavia, now the city of Jakarta, and the Board of Directors in the Netherlands. The co-operation between the National Archives of Indonesia and the Netherlands resulted in this extensive catalogue of fifteen archives of VOC institutions in Jakarta. The VOC records are included in UNESCO“s Memory of the World Register. 607 $aJakarta (Indonesia)$xHistory$xSources$vBibliography$vCatalogs 676 $a382.0949205 676 $a959 700 $aBalk$b G. L$01577679 701 $aDijk$b F. van$01577680 701 $aKortlang$b D. J$g(Diederick J.)$01577681 712 02$aArsip Nasional Republik Indonesia. 712 02$aNationaal Archief (Netherlands) 801 0$bMiAaPQ 801 1$bMiAaPQ 801 2$bMiAaPQ 906 $aBOOK 912 $a9910792449803321 996 $aArchives of the Dutch East India Company (VOC) and the local institutions in Batavia (Jakarta)$93856500 997 $aUNINA